Los Peores enemigos de nuestros pueblos / Jean Boyer
Descripción Física:
140 p. ; 21 cm
Materias:
Política
MARC
| LEADER | 00000nam a2200000Ia 4500 | ||
|---|---|---|---|
| 001 | 10617 | ||
| 008 | 160829s1979 xx 000 0 cat d | ||
| 080 | |a M-2-223 | ||
| 100 | |a Boyer, Jean |9 23803 | ||
| 245 | |a Los Peores enemigos de nuestros pueblos / Jean Boyer | ||
| 260 | |a Bogotá : |b Ediciones Libertad, |c 1979 | ||
| 300 | |a 140 p. ; |c 21 cm | ||
| 650 | |a Política |9 23804 | ||
| 901 | |a Arxiu | ||
| 942 | |n 1 | ||
| 952 | |0 0 |1 0 |4 0 |6 M2223 |7 1 |9 42862 |a Arxiu |b Arxiu |d 2016-12-01 |l 0 |o M-2-223 |p 10617 |r 2016-12-01 00:00:00 |w 2016-12-01 |y ARXIU | ||
| 999 | |c 45368 |d 45368 | ||